00675nam a22001937a 4500999001900000005001700019010001500036020003000051035001400081037001300095082001100108100002200119245005600141260003900197270007700236300002200313942002500335952012100360 c167351d16735120220222120255.0 aENG-126346 a978-93-89145-02-1c995.00 aEN-109878 bDBAD/PUB a808.88 aPrasad, Kameshwar aMetaphysical Poets and Poetry/cby Kameshwar Prasad bDynamic Publicationc2019aGujarat a20/12 Baljit Society, Near Keshavbagh Vadi Nava VadajbAhmedabade380013 axi330p.c21cm(hb) 2ddccENh808.88mPRA 001040708NFICaAVbAVd2019-08-28eDBAD/PUBg995.00l0o808.88 PRApEN-109878r2019-08-28 00:00:00t1v995.00yEN